Exposición Concurso Fotográfico Internacional 2009 = (Record no. 175968)

MARC details
000 -LEADER
campo de control de longitud fija 01236nam a2200289 4500
001 - NÚMERO DE CONTROL
campo de control 175968
003 - IDENTIFICADOR DE NÚMERO DE CONTROL
campo de control ES-MaACL
005 - FECHA Y HORA DE LA ÚLTIMA TRANSACCIÓN
campo de control 20250804110804.0
008 - DATOS DE LONGITUD FIJA--INFORMACIÓN GENERAL
campo de control de longitud fija 101202s2010 sp co |||| |dspa d
080 ## - NÚMERO DE LA CLASIFICACIÓN DECIMAL UNIVERSAL
Número de la Clasificación Decimal Universal 77"19"(083.824)
080 ## - NÚMERO DE LA CLASIFICACIÓN DECIMAL UNIVERSAL
Número de la Clasificación Decimal Universal 913(460.27 M.)(0:77)(083.824)
245 00 - MENCIÓN DEL TÍTULO
Título Exposición Concurso Fotográfico Internacional 2009 =
Resto del título International photography contest : Ateneo de Madrid.
246 3# - FORMA VARIANTE DEL TITULO
Título propio/Titulo breve International photography contest :
Resto del título Ateneo de Madrid
246 3# - FORMA VARIANTE DEL TITULO
Título propio/Titulo breve Exposición Concurso Fotográfico Internacional 2009 :
Resto del título Barrio de las Letras
260 ## - PUBLICACIÓN, DISTRIBUCIÓN, ETC.
Lugar de publicación, distribución, etc. Madrid :
Nombre del editor, distribuidor, etc. Asociación de Comerciantes Barrio de las Letras,
Fecha de publicación, distribución, etc. 2010.
300 ## - DESCRIPCIÓN FÍSICA
Extensión [46] p. :
Otras características físicas fot. col. y n., plano ;
Dimensiones 19 x 19 cm.
610 24 - PUNTO DE ACCESO ADICIONAL DE MATERIA--NOMBRE DE ENTIDAD CORPORATIVA
Nombre de entidad corporativa o nombre de jurisdicción como elemento de entrada Ateneo de Madrid-
Subdivisión de forma Exposiciones-
Subdivisión cronológica 2001-2009
9 (RLIN) 1924
650 #4 - PUNTO DE ACCESO ADICIONAL DE MATERIA--TÉRMINO DE MATERIA
Término de materia o nombre geográfico como elemento de entrada Fotografía-
Subdivisión geográfica Madrid (Comunidad Autónoma)-
Subdivisión de forma Exposiciones.
9 (RLIN) 173416
650 #4 - PUNTO DE ACCESO ADICIONAL DE MATERIA--TÉRMINO DE MATERIA
Término de materia o nombre geográfico como elemento de entrada Fotografía-
Subdivisión geográfica España-
Subdivisión cronológica S.XXI-
Subdivisión de forma Exposiciones.
9 (RLIN) 173415
651 #7 - PUNTO DE ACCESO ADICIONAL DE MATERIA--NOMBRE GEOGRÁFICO
Nombre geográfico Las Cortes (Madrid, Barrio)
9 (RLIN) 155920
651 #4 - PUNTO DE ACCESO ADICIONAL DE MATERIA--NOMBRE GEOGRÁFICO
Nombre geográfico Madrid (Comunidad Autónoma)-
Subdivisión de forma Exposiciones.
9 (RLIN) 173411
655 #7 - TERMINO DE INDIZACIÓN--GENERO/FORMA
Fuente del término tgfbne
9 (RLIN) 193628
Datos o término principal de género/forma Catálogos de exposiciones
710 2# - ENTRADA AGREGADA--NOMBRE DE ENTIDAD CORPORATIVA
Nombre de entidad corporativa o nombre de jurisdicción como elemento de entrada Ateneo de Madrid.
9 (RLIN) 1875
852 ## - LOCALIZACIÓN
Ubicación ES-MaACL
Número de control de estantería 2304-F-12
942 ## - ELEMENTOS DE ENTRADA SECUNDARIOS (KOHA)
Fuente del sistema de clasificación o colocación Clasificación decimal universal
Holdings
Estatus retirado Estado de pérdida Fuente del sistema de clasificación o colocación Estado de daño No para préstamo Colección Biblioteca de origen Biblioteca actual Ubicación en estantería Fecha de adquisición Total de préstamos Signatura topográfica completa Código de barras Visto por última vez Precio de reemplazo Tipo de ítem Koha
    Clasificación decimal universal     Colección de folletos Biblioteca del Ateneo de Madrid Biblioteca del Ateneo de Madrid Depósito folletos 02/12/2010   2304-F-12 1184787 23/02/2023 23/02/2023 Folleto